Scientific American:The Molecules Of Life (Record no. 67237)

MARC details
000 -LEADER
fixed length control field 00267nam a22001097a 4500
082 ## - DEWEY DECIMAL CLASSIFICATION NUMBER
Classification number PIE
100 ## - MAIN ENTRY--AUTHOR NAME
Personal name Piel,Jonathan
245 ## - TITLE STATEMENT
Title Scientific American:The Molecules Of Life
260 ## - PUBLICATION, DISTRIBUTION, ETC. (IMPRINT)
Place of publication New York
Name of publisher Scientific American Institute
Year of publication 1985
300 ## - PHYSICAL DESCRIPTION
Number of Pages 166p
942 ## - ADDED ENTRY ELEMENTS (KOHA)
Koha item type Books
Holdings
Withdrawn status Lost status Home library Current library Date acquired Full call number Accession Number Koha item type
    Central Library, QUEST, Nawabshah Central Library, QUEST, Nawabshah 23/08/2021 PIE D306 Books